000 00563nam a2200229Ia 4500
003 OSt
005 20220916111011.0
006 a|||||r|||| 00| 0
007 ta
008 220915b |||||||| |||| 00| 0 eng d
024 _a93735
037 _cTextbook
040 _beng
_aARTS
_cARTS
041 _aeng
082 _aU:644:N0, 122E1
100 _aBruel G
245 0 _aNotes geographiques sur la bassun de l'ogooue
260 _c1911
650 _aGEOGRAPHY
942 _hU:644:N0, 122E1
_cTB
_2CC
999 _c102990
_d102990